Chemical applications of group theory (Record no. 6706)
[ view plain ]
| 000 -LEADER | |
|---|---|
| fixed length control field | 00979nac a22002771u 4500 |
| 010 ## - | |
| -- | 76129657 |
| 020 ## - INTERNATIONAL STANDARD BOOK NUMBER | |
| International Standard Book Number | 0471175706 |
| 082 00 - DEWEY DECIMAL CLASSIFICATION NUMBER | |
| Classification number | 541.220151 |
| Item number | COT |
| 090 ## - LOCALLY ASSIGNED LC-TYPE CALL NUMBER (OCLC); LOCAL CALL NUMBER (OCLC) | |
| -- | 6706 |
| -- | 6706 |
| 100 ## - MAIN ENTRY--PERSONAL NAME | |
| Personal name | Cotton, F. Albert |
| 245 10 - TITLE STATEMENT | |
| Title | Chemical applications of group theory |
| Statement of responsibility, etc | [by] F. Albert Cotton. |
| 250 ## - EDITION STATEMENT | |
| Edition statement | 2d ed. |
| 260 ## - | |
| -- | New York: |
| -- | Wiley-Interscience,c.[1971] |
| -- | c.[1971] |
| 300 ## - PHYSICAL DESCRIPTION | |
| Extent | xiv, 386 p. |
| Other physical details | illus. |
| Dimensions | 23 cm. |
| 336 ## - CONTENT TYPE | |
| Source | rdacontent |
| Content type term | text |
| Content type code | txt |
| 337 ## - MEDIA TYPE | |
| Media type term | unmediated |
| Source | rdamedia |
| Media type code | n |
| 338 ## - CARRIER TYPE | |
| Carrier type term | volume |
| Carrier type code | nc |
| Source | rdacarrier |
| 500 ## - GENERAL NOTE | |
| General note | Disributer: Al-Ahram. |
| 504 ## - BIBLIOGRAPHY, ETC. NOTE | |
| Bibliography, etc | Bibliography: p. 380-382. |
| 511 ## - | |
| -- | Catalogued By: Mahitab. |
| 650 #0 - SUBJECT ADDED ENTRY--TOPICAL TERM | |
| Topical term or geographic name as entry element | Molecular theory. |
| 650 #0 - SUBJECT ADDED ENTRY--TOPICAL TERM | |
| Topical term or geographic name as entry element | Group theory. |
| 856 42 - ELECTRONIC LOCATION AND ACCESS | |
| Materials specified | Publisher description |
| Uniform Resource Identifier | <a href="http://www.loc.gov/catdir/enhancements/fy0607/76129657-d.html">http://www.loc.gov/catdir/enhancements/fy0607/76129657-d.html</a> |
| 856 42 - ELECTRONIC LOCATION AND ACCESS | |
| Materials specified | Table of contents only |
| Uniform Resource Identifier | <a href="http://www.loc.gov/catdir/enhancements/fy0607/76129657-t.html">http://www.loc.gov/catdir/enhancements/fy0607/76129657-t.html</a> |
| 942 ## - ADDED ENTRY ELEMENTS (KOHA) | |
| Koha item type | Book - Borrowing |
| Call number prefix | 541.220151COT |
| Classification part | RDA-MOD |
| Withdrawn status | Lost status | Source of classification or shelving scheme | Damaged status | Not for loan | Home library | Current library | Shelving location | Date acquired | Source of acquisition | Total Checkouts | Full call number | Barcode | Date last seen | Koha item type |
|---|---|---|---|---|---|---|---|---|---|---|---|---|---|---|
| Dewey Decimal Classification | Central Library | Central Library | First floor | 29/11/2007 | Purchase | 541.220151COT | 000008026 | 15/07/2025 | Book - Borrowing |